Snow white and the seven dwarfs

Bibliographic Details
Main Author: Sibley,Raymond
Other Authors: Aitchison, Martin
Format: Book
Published: London : Ladybird books Ltd , 1993
Series:Ladybird favourite tales
Subjects:

MARC

LEADER 00000cam a2200000 7i4500
001 0000003890
005 20220105103953.0
008 070720
020 |a 0721415539 
090 0 0 |a JP   |b FT ENG (5097) 
100 1 |a Sibley,Raymond 
245 0 0 |a Snow white and the seven dwarfs   |c by Raymond Sibley;Illustrated by Martin Aitchison 
260 |a London :   |b Ladybird books Ltd ,   |c 1993 
440 |a Ladybird favourite tales 
500 |a Children age 4-6 years old (yellow) 
650 0 |a Fairy tale 
650 0 |a Junior preschool   |x English   |x Languages 
700 0 |a Aitchison, Martin 
999 |a 0000894305   |b Book   |c Children Collection   |e Cawangan Segamat 
999 |a 0000894507   |b Book   |c Children Collection   |e Cawangan Pontian 
999 |a 0000972565   |b Book   |c Children Collection   |e Perbadanan Perpustakaan Awam Johor 
999 |a 0000972566   |b Book   |c Children Collection   |e Perbadanan Perpustakaan Awam Johor 
999 |a 0000972567   |b Book   |c Children Collection   |e Perbadanan Perpustakaan Awam Johor 
999 |a 0000972568   |b Book   |c Children Collection   |e Perbadanan Perpustakaan Awam Johor 
999 |a 0000972569   |b Book   |c Children Collection   |e Perbadanan Perpustakaan Awam Johor 
999 |a 000894299   |b Book   |c Children Collection   |e Cawangan Batu Pahat